| 000 | 00592nam a2200181Ia 4500 | ||
|---|---|---|---|
| 008 | 100920s9999 xx 000 0 und d | ||
| 082 |
_b60831 _a61 थ 85 |
||
| 100 | _aसुर्वे नारायण. | ||
| 245 | _aसनद. | ||
| 260 |
_bग्रंथाली, अभिनव वाचक-चळवळ नेहरूनगर मुंबई 24. _c1985 |
||
| 300 |
_a103 _bसाधी |
||
| 365 | _b16 | ||
| 520 | _aस्थानिक वाचन. | ||
| 630 | _aसनद. | ||
| 650 | _aस्थानिक वाचन. | ||
| 730 | _aसनद. | ||
| 942 | _cBOOK | ||
| 999 |
_c704081 _d704078 |
||